| 000 | 00427 a2200133 4500 | ||
|---|---|---|---|
| 001 | 91654 | ||
| 082 | _aPR 1622 | ||
| 090 |
_c43814 _d43813 |
||
| 100 | _aMasood Maqbool; Dr. Ahmed Ejaz Nadeem and Muhammad Ramzan, Advisors | ||
| 245 |
_aComputerized Representation of Scattering Parameters on Smith Chart and Polar Plot (CRISP) _n51 "B" EC |
||
| 260 |
_aRawalpindi _bNUST _c1999 |
||
| 300 | _a52p | ||
| 500 | _aBE Project Reports | ||
| 942 |
_aCAE NUST _kPR 1622 |
||
| 999 |
_c326727 _d326727 |
||